000 00671nam a2200229 i 4500
001 13990
003 ES-MaACL
005 20230906150714.0
007 t|
008 980826s1997 sp |||| | spa d
020 _a84-922662-3-6
080 _a821.134.2-32"19"
100 1 _aFenoy, Elisa.
_949261
245 1 3 _aLa invitación /
_cElisa Fenoy.
260 _aMadrid :
_bAsociación Colegial de Escritores de España,
_c1997.
300 _a66 p. ;
_c20 cm.
490 1 _aNuevos escritores ;
_v1
710 2 _aAsociación Colegial de Escritores de España.
_91522
830 0 _aNuevos escritores ;
_v1
_9179572
852 _aES-MaACL
_jL-21349
999 _c13990
_d13990